000 00413nam a2200169 a 4500
001 0000-8843
003 ELIB.Books
008 110520 1961
035 _a(ELIB.Books)0000-8989
082 _aFic
_bMus
100 _aMuskett, Netta
245 _aThrough Many Waters
260 _blondon: Hutchinson & Co.LTD
_c1961
650 _aFiction
942 _2ddc
_cBK
998 _cbat
_e2011-05-20
999 _c8843
_d8843